000 00389nam a22001577a 4500
008 151015b xxu||||| |||| 00| 0 eng d
020 _a9780538481229
041 0 _aeng
080 _a3
245 0 _aManagerial Accounting
_cOliver Horngren
260 _c2010
300 _a584
_bme il. ;
_c15cm
650 0 _aKontabilitet Menagjerial
650 0 _aManagerial Accounting
942 _2ddc
_cBK
999 _c1300
_d1300